Stadion nach Fußballvereinswappen - Deutschland - Statistiken

Allgemein
  • Dieses Quiz wurde 61 mal gespielt
  • Das Durchschnittsergebnis liegt bei 31 aus 54
Antwortstatistiken
Bildquiz Antwort % Korrekt
Weserstadion
100%
Allianz Arena
90%
Signal-Iduna-Park
90%
Volkswagen Arena
90%
Rheinenergiestadion
88%
Stadion an der alten Försterei
88%
Volksparkstadion
88%
BayArena
85%
Borussia-Park
85%
Millerntor-Stadion
83%
Deutsche Bank Park
81%
Red Bull-Arena
81%
Olympiastadion
79%
Veltins-Arena
77%
Europa-Park-Stadion
71%
Fritz-Walter-Stadion
71%
SchücoArena
71%
Tivoli
69%
Max-Morlock-Stadion
65%
Merkur Spiel-Arena
65%
Mewa-Arena
65%
MHPArena
65%
Ostseestadion
63%
Wildparkstadion
60%
Holstein-Stadion
58%
Rudolf-Harbig-Stadion
58%
Stadion am Böllenfalltor
58%
WWK-Arena
58%
Eintracht-Stadion
56%
Heinz-von-Heiden-Arena
56%
PreZero Arena
56%
Ruhrstadion
56%
Voith-Arena
56%
Preußenstadion
54%
Stadion an der Grünwalder Straße
50%
Bremer Brücke
48%
Donaustadion
44%
Jahnstadion
40%
LEAG Energie Stadion
40%
Stadion an der Hafenstraße
40%
Carl-Benz-Stadion
38%
Schauinsland-Reisen-Arena
38%
Ludwigsparkstadion
35%
Home-Deluxe-Arena
33%
Ursapharm Arena an der Kaiserlinde
31%
Audi-Sportpark
29%
Erzgebirgsstadion
29%
Sportpark Ronhof
29%
Brita-Arena
27%
Sachs-Stadion
21%
Avnet Arena
19%
Sportpark Höhenberg
17%
Sportclub Arena
15%
Wilhelm-Langrehr-Stadion
13%
Keine übereinstimmenden Quizze gefunden
Verteilung der Resultate
Anzahl Personen mit jedem Resultat
Perzentil nach korrekt beantworteten Fragen
Ihre Resultats-Entwicklung
Sie haben dieses Quiz noch nicht gespielt